Photographs /

Bibliographic Details
Main Author: Cartier-Bresson, Henri, 1908-2004
Other Authors: Kirstein, Lincoln, 1907-1996, Newhall, Beaumont, 1908-1993
Format: Book
Language:English
Published: New York : Grossman, 1963.
Subjects:

MARC

Tag First Indicator Second Indicator Subfields
LEADER 00000cam a2200000 4500
001 in00000094853
005 20150927110554.0
008 720106s1963 eng u
010 |a  63019034  
035 |a (OCoLC)00191536 
035 |9 AAL6729AM 
040 |c DEF  |d TXA  |d UtOrBLW 
049 |a TXAM  |c [912246] 
090 |a TR680  |b .C38 1963 
100 1 |a Cartier-Bresson, Henri,  |d 1908-2004. 
245 1 0 |a Photographs /  |c With introductions by Lincoln Kirstein [and] Beaumont Newhall. 
264 1 |a New York :  |b Grossman,  |c 1963. 
300 |a 14 unnumbered pages :  |b 47 pages of illustrations ;  |c 23 cm. 
336 |a text  |b txt  |2 rdacontent 
337 |a unmediated  |b n  |2 rdamedia 
338 |a volume  |b nc  |2 rdacarrier 
650 0 |a Photography, Artistic. 
700 1 |a Kirstein, Lincoln,  |d 1907-1996. 
700 1 |a Newhall, Beaumont,  |d 1908-1993. 
999 |a MARS 
999 f f |s b2ad470f-4032-325a-a741-865f3f9965cf  |i ce9f9cae-8b6b-373b-98ec-507be965a307  |t 0 
952 f f |p ric  |a Texas A&M University  |b Rellis Campus  |c Joint Library Facility  |d Remote Storage  |t 0  |e TR680 .C38 1963  |h Library of Congress classification  |i unmediated -- volume  |m A14805630019 
998 f f |a TR680 .C38 1963  |t 0  |l Remote Storage